000 00779cam a22002295a 4500
001 L142977
008 080327s2008 xxk f 000 0 eng d
035 _a(Sirsi) u142977
041 0 _aeng
050 0 4 _a336.21 $2 18
110 2 _aKing Sturge
_93877
245 0 0 _aEmpty rates
_ba common sense guide
260 _aLondon
_bKing Sturge
_c2008
300 _a6p.
_bill.
_c26cm.
520 _aDescribes the options available to owners of vacant properties in respect of their rates liability since the abolition of Empty Rates Relief on 1 April 2008.
521 2 _aAdvanced
590 _aKA
650 2 4 _aRATING (EMPTY PROPERTIES) ACT 2007
651 4 _aUnited Kingdom
_y
690 _aPROPERTY-COMMERCIAL PROPERTY-COMMERCIAL PROPERTY TAXATION-BUSINESS RATES
942 _n0
999 _c108035
_d108035